Doctor Who Revival First Names Quiz - Statistics

General Stats
  • This quiz has been taken 154 times
  • The average score is 6 of 15
Answer Stats
Hint Answer % Correct
Noble Donna
100%
Mott Wilfred
78%
Pink Danny
73%
Potts Bill
69%
Capricorn Max
55%
De Souza Christina
47%
Flint Jenny
38%
Cooper Gwen
36%
Redfern Joan
34%
Sato Toshiko
28%
Jones Harriet
22%
O'Brien Cassandra
16%
Blaine Margaret
16%
Gillyflower Ada
11%
Poisson Jeanne-Antoinette
5%
No matching quizzes found
Score Distribution
Percent of People with Each Score
Percentile by Number Answered
Your Score History
You have not taken this quiz